Catálogo público

Edafología / (Record no. 220119)

MARC details
000 -CABECERA
campo de control de longitud fija 02460nam a2200349 a 4500
003 - IDENTIFICADOR DEL NÚMERO DE CONTROL
campo de control CHAP
005 - FECHA Y HORA DE LA ÚLTIMA TRANSACCIÓN
campo de control 20240902133323.0
007 - CAMPO FIJO DE DESCRIPCIÓN FÍSICA--INFORMACIÓN GENERAL
campo de control de longitud fija ta
008 - DATOS DE LONGITUD FIJA--INFORMACIÓN GENERAL
campo de control de longitud fija 240829s2019 mx abd|fr|||| 001 0 spa d
020 ## - NÚMERO INTERNACIONAL ESTÁNDAR DEL LIBRO
Número Internacional Estándar del Libro 978-607-17-3577-5
040 ## - FUENTE DE LA CATALOGACIÓN
Centro catalogador/agencia de origen Z
Centro/agencia transcriptor CHAP
Normas de descripción rda
041 0# - CÓDIGO DE LENGUA
Código de lengua del sumario o resumen Español
Código de lengua de la tabla de contenido Español
082 00 - NÚMERO DE LA CLASIFICACIÓN DECIMAL DEWEY
Número de clasificación 631.4
Número de documento/Ítem O78 2019
Número de edición 20
100 1# - ENTRADA PRINCIPAL--NOMBRE DE PERSONA
Nombre de persona Ortiz Solorio, Carlos Alberto
9 (RLIN) 84067
Término indicativo de función/relación autor
245 10 - MENCIÓN DE TÍTULO
Título Edafología /
Resto del título Carlos Alberto Ortiz Solorio
264 #1 - PRODUCCIÓN, PUBLICACIÓN, DISTRIBUCIÓN, FABRICACIÓN Y COPYRIGHT
Producción, publicación, distribución, fabricación y copyright Ciudad de México :
Nombre del de productor, editor, distribuidor, fabricante Trillas,
Fecha de producción, publicación, distribución, fabricación o copyright 2019
300 ## - DESCRIPCIÓN FÍSICA
Extensión 399 páginas:
Otras características físicas ilustraciones, mapas, tablas, gráficas
336 ## - TIPO DE CONTENIDO
Fuente rdacontent
Término de tipo de contenido texto
Código de tipo de contenido txt
337 ## - TIPO DE MEDIO
Fuente rdamedia
Nombre/término del tipo de medio sin medio
Código del tipo de medio n
338 ## - TIPO DE SOPORTE
Fuente rdacarrier
Nombre/término del tipo de soporte volumen
Código del tipo de soporte nc
500 ## - NOTA GENERAL
Nota general ej.1: consumo
504 ## - NOTA DE BIBLIOGRAFÍA, ETC.
Nota de bibliografía, etc. Bibliografía: páginas 377 - 386
505 00 - NOTA DE CONTENIDO CON FORMATO
Información miscelánea Cap. 1. La ciencia del suelo -- Cap. 2. Formación del suelo y su morfología -- Cap. 3. Rocas y minerales -- Cap. 4. Arquitectura y propiedades físicas del suelo -- Cap. 5. Agua y atmósfera del suelo -- Cap. 6. Materia orgánica del suelo -- Cap. 7. Organismos del suelo -- Cap. 8. Intercambio iónico en los suelos -- Cap. 9. Reacción del suelo -- Cap. 10. Clasificación de suelos -- Cap. 11. Estudios de suelos -- Cap. 12. El recurso y su importancia -- Cap. 13. El conocimiento del suelo y el desarrollo de las plantas -- Cap. 14. Etnoedafología -- Apéndice -- Bibliografía -- Índice Onomástico -- Índice Analítico
520 ## - SUMARIO, ETC.
Sumario, etc. El suelo es uno de los recursos naturales más significativos en la vida del hombre porque de él obtiene sus alimentos, las fibras para sus vestidos y los productos que se convertirán en sus medicinas. Para determinar cómo se forma un suelo, cuál es su composición, qué propiedades tiene y los organismos que en él se desarrollan existe una disciplina que se denomina Edafología o Ciencia del suelo, por medio de la cual es posible establecer, por ejemplo, su capacidad de uso, aptitud del riego o nivel de fertilidad. En esta obra el autor expone cómo se origina dicha ciencia, sus características más relevantes, las clasificaciones científicas que emplea, así como el conocimiento tradicional con el que también es posible estudiarla.
534 ## - NOTA SOBRE LA VERSIÓN ORIGINAL
Frase introductoria Título original:
650 13 - PUNTO DE ACCESO ADICIONAL DE MATERIA--TÉRMINO DE MATERIA
Término de materia o nombre geográfico como elemento de entrada Ciencia del suelo
9 (RLIN) 189497
650 13 - PUNTO DE ACCESO ADICIONAL DE MATERIA--TÉRMINO DE MATERIA
Término de materia o nombre geográfico como elemento de entrada Análisis del suelo
9 (RLIN) 189498
650 13 - PUNTO DE ACCESO ADICIONAL DE MATERIA--TÉRMINO DE MATERIA
Término de materia o nombre geográfico como elemento de entrada Física del suelo
9 (RLIN) 140215
650 13 - PUNTO DE ACCESO ADICIONAL DE MATERIA--TÉRMINO DE MATERIA
Término de materia o nombre geográfico como elemento de entrada Propiedades biológicas del suelo
9 (RLIN) 162542
650 17 - PUNTO DE ACCESO ADICIONAL DE MATERIA--TÉRMINO DE MATERIA
Término de materia o nombre geográfico como elemento de entrada Suelos
9 (RLIN) 110191
Subdivisión general Clasificación
942 ## - ELEMENTOS DE PUNTO DE ACCESO ADICIONAL (KOHA)
Fuente del sistema de clasificación o colocación Dewey Decimal Classification
Tipo de ítem Koha Libro
Holdings
Estado de retiro Estado de pérdida Fuente del sistema de clasificación o colocación Estado dañado Restricciones de uso No para préstamo Código de colección Localización permanente Ubicación/localización actual Fecha de adquisición Fuente de adquisición Número de inventario Total de préstamos Signatura topográfica completa Código de barras Fecha visto por última vez Número de copia Precio válido a partir de Tipo de ítem Koha
    Dewey Decimal Classification   Préstamo interno   General Zootecnia Zootecnia 24/11/2022 Compra Directa con proveedor Factura n. C79844DC6190 Consumo   631.4 O78 2019 5102007455 29/08/2024 Ej.1 29/08/2024 Libro